000 01122nam a22001697a 4500
003 OSt
005 20251216085355.0
008 251216b |||||||| |||| 00| 0 eng d
040 _cDCL
082 _a၂၉၄.၃၈၂၄
110 _aအောင်မင်္ဂလာဓမ္မသိပ္ပါလယအဖွဲ့။
245 1 0 _aအဘိဓမ္မာ (ပထမဆင့်) မှတ်စု၊ (စိတ်၊ စေတသိက်၊ ပကိဏ်း) /
_cအောင်မင်္ဂလာဓမ္မသိပ္ပါလယအဖွဲ့။
264 _aမန္တလေး ၊
_b[ထုတ်ဝေသူမပါ]၊
_c၂၀၁၄။
300 _a၇၅ စာမျက်နှာ ၊
_c၂၉ စင်တီ။
650 _aအဘိဓမ္မာ။
942 _2ddc
_cSHORT TERM
_n0
999 _c2723
_d2723